| 000 | 00719cab a2200265 4500 | ||
|---|---|---|---|
| 001 | ABS52681 | ||
| 008 | 090401t1995 xxu||||| |||| 00| 0 eng d | ||
| 035 | _a(Sirsi) u90529 | ||
| 041 | _aeng | ||
| 100 | _aRobinson, R. | ||
| 245 | _aMany a slip | ||
| 260 | _c1995 | ||
| 350 | _a0 | ||
| 490 |
_aValuer (ISVA) _v64(4) May 1995, 15(1) |
||
| 520 | _aThe DoE plans an annexe to PPG14 on landslide damage to buildings. This article defines the three types of landslide risk. | ||
| 650 | _aEROSION | ||
| 650 | _aLANDSLIDES | ||
| 650 | _aLANDSLIDING | ||
| 650 | _aPPG14 | ||
| 650 | _aUNSTABLE LAND | ||
| 690 | _aBUILT ENVIRONMENT-BUILDING INSPECTION | ||
| 690 | _aLAND | ||
| 942 | _n0 | ||
| 948 | _c04/03/1997 | ||
| 999 |
_c57406 _d57406 |
||